Introduction to applied graph theory
Gespeichert in:
| Hauptverfasser: | , |
|---|---|
| Format: | Buch |
| Sprache: | Englisch |
| Veröffentlicht: |
Ottawa
René Descartes Foundation
1978
|
| Schlagworte: | |
| Tags: |
Tag hinzufügen
Keine Tags, Fügen Sie den ersten Tag hinzu!
|
MARC
| LEADER | 00000nam a2200000 a 4500 | ||
|---|---|---|---|
| 001 | UCP0228 | ||
| 003 | CL-VaPUC | ||
| 008 | 990305e19780000CN |||||||||||||||||eng|d | ||
| 082 | 0 | 4 | |a 511.5 |b BER |2 21 |
| 100 | 0 | |a Berman, Gerald |e author |9 425270 | |
| 700 | 0 | |a Fryer, K. D |e author |9 425271 | |
| 245 | 1 | 0 | |a Introduction to applied graph theory |
| 300 | |a 210 p | ||
| 942 | |c BK | ||
| 945 | |d 19990305 00:00:00 |a cmena | ||
| 260 | |a Ottawa |b René Descartes Foundation |c 1978 | ||
| 650 | 0 | |a Teoría de grafos |9 269886 | |
| 650 | 0 | |a Circuitos |9 263339 | |
| 650 | 0 | |a Procesos de Markov |9 270451 | |
| 583 | |a last modification |c 20180403 12:14:41 |k Rodrigo Vera | ||
| 999 | |c 279068 |d 279066 | ||
| 952 | |0 0 |1 0 |4 0 |6 511_500000000000000_BER_1978 |7 0 |8 A |9 317983 |a BIBMAT |b BIBMAT |d 2019-11-20 |i 327912K |o 511.5 BER 1978 |p 327912K |r 2025-01-07 |w 2019-11-20 |y BK |k MAT | ||